00473nam a2200097Ia 4500008004100000100002200041245019600063260003000259650002500289856006100314160909s9999 xx 000 0 und d aBarrios, Michelle aComparing Emotional Intelligence Levels in Teachers of the Year in Elementary School, Middle School, and High School and How Their Emotional Intelligence Traits Are Exhibited in the Classroom bBrandman Universityc2016 aFINANCIAL MANAGEMENT uhttp://pqdtopen.proquest.com/doc/1793669105.html?FMT=ABS